000 00339nam a2200145Ia 4500
008 150201s2004 xx 000 0 und d
082 _a617.96
_bH2004M
100 _aMALAMED
245 _aHANDBOOK OF LOCAL ANESTHESIA
250 _a5TH
260 _bMOSBY
_aDELHI
_c2004
300 _a1-400
650 _aORAL SURGERY
942 _2ddc
_cBK
_06
999 _c3071
_d3071